Langues officielles par pays d'Asie - Statistiques

Statistiques générales
  • Ce quiz a été pris 272 fois
    240 depuis la dernière actualisation
  • Le résultat moyen est 35 sur 48
Statistiques - réponses
Pays Langue % Correct
Arabie Saoudite Arabe
99%
Arménie Arménien
97%
Émirats arabes unis Arabe
92%
Corée du Nord Coréen
92%
Corée du Sud Coréen
92%
Chine Mandarin
92%
Japon Japonais
91%
Irak Arabe / Kurde
88%
Géorgie Géorgien / Abkhaze
85%
Jordanie Arabe
84%
Syrie Arabe
84%
Malaisie Malais
84%
Mongolie Mongol
84%
Qatar Arabe
83%
Thaïlande Thaï
83%
Bahreïn Arabe
81%
Koweït Arabe
81%
Inde Hindi / Anglais
81%
Indonésie Indonésien
81%
Liban Arabe
80%
Oman Arabe
80%
Kazakhstan Kazakh / Russe
80%
Laos Lao
79%
Israël Hébreu
77%
Turquie Turc
77%
Singapour Anglais / Malais / Mandarin / Tamoul
75%
Ouzbékistan Ouzbek
74%
Iran Persan / Farsi
74%
Taïwan Mandarin
73%
Philippines Philippin / Anglais
73%
Népal Népalais
72%
Yémen Arabe
70%
Birmanie Birman
70%
Viêt Nam Vietnamien
70%
Tadjikistan Tadjik / Russe
68%
Chypre Grec
66%
Kirghizistan Kirghize / Russe
65%
Bangladesh Bengali
62%
Azerbaïdjan Azéri
58%
Afghanistan Persan / Pachto
51%
Cambodge Khmer
50%
Maldives Maldivien
45%
Turkménistan Turkmène
44%
Brunei Malais
42%
Pakistan Ourdou / Anglais
41%
Sri Lanka Singhalais / Tamoul
41%
Timor oriental Portugais / Tétoum
31%
Bhoutan Dzongkha
14%
Aucun quiz correspondant
Distribution des résultats
% des personnes avec chaque résultat
Percentile par nombre de réponses
Votre historique - résultats
Vous n’avez pas pris ce quiz depuis la dernière actualisation